Возрастная анатомия человека (детский и юношеский возраст) (Запись № 11038725)

Подробности
000 -МАРКЕР
контрольное поле 02846nam0a2200361 4500
001 - ИДЕНТИФИКАТОР ЗАПИСИ
контрольное поле RU\NLR\BIBL_A\011931013
005 - ИДЕНТИФИКАТОР ВЕРСИИ
контрольное поле 20190220120401.0
010 ## - МЕЖДУНАРОДНЫЙ СТАНДАРТНЫЙ НОМЕР КНИГИ (ISBN)
Номер (ISBN) 978-5-88999-486-2
Тираж 100
021 ## - НОМЕР ГОСУДАРСТВЕННОЙ РЕГИСТРАЦИИ
Код страны Российская Федерация
Номер КН-П-18-101479
Номер Листа государственной регистраци КН-П-18-7352
021 ## - НОМЕР ГОСУДАРСТВЕННОЙ РЕГИСТРАЦИИ
Код страны Российская Федерация
Номер КН-П-18-101479
Номер Листа государственной регистраци КН-П-18-7514
035 ## - ДРУГИЕ СИСТЕМНЫЕ НОМЕРА
Идентификатор записи (NLR Aleph) 011931013
035 ## - ДРУГИЕ СИСТЕМНЫЕ НОМЕРА
Идентификатор записи (RuMoRGB)009851275
100 ## - ДАННЫЕ ОБЩЕЙ ОБРАБОТКИ
Данные общей обработки 20190207d2017 u y0rusy50 ca
101 0# - ЯЗЫК РЕСУРСА
Язык текста, звукозаписи и т.д. русский
102 ## - СТРАНА ПУБЛИКАЦИИ ИЛИ ПРОИЗВОДСТВА
Страна публикации Российская Федерация
105 ## - ПОЛЕ КОДИРОВАННЫХ ДАННЫХ: ТЕКСТОВЫЕ МАТЕРИАЛЫ, МОНОГРАФИЧЕСКИЕ
Кодированные данные о монографическом текстовом документе a j 000zy
200 1# - ЗАГЛАВИЕ И СВЕДЕНИЯ ОБ ОТВЕТСТВЕННОСТИ
Основное заглавие Возрастная анатомия человека (детский и юношеский возраст)
Сведения, относящиеся к заглавию учебное пособие для студентов I-II курсов педиатрического факультета
Первые сведения об ответственности Федеральное государственное бюджетное образовательное учреждение высшего образования "Первый Санкт-Петербургский государственный медицинский университет имени академика И. П. Павлова" Министерства здравоохранения Российской Федерации, Кафедра клинической анатомии и оперативной хирургии имени профессора М. Г. Привеса
Последующие сведения об ответственности [В. А. Иванов, к.м.н.. доцент и др.
-- под редакцией д.м.н., профессора А. Л. Акопова]
210 ## - ПУБЛИКАЦИЯ, РАСПРОСТРАНЕНИЕ И ДР.
Место издания, распространения и т.д. Санкт-Петербург
Имя издателя, распространителя и т. д. РИЦ ПСПбГМУ
Дата издания, распространения и т.д. 2017
215 ## - ФИЗИЧЕСКАЯ ХАРАКТЕРИСТИКА
Специфическое обозначение материала и объем 68 с.
Другие сведения о физической характеристике ил.
Размеры 21
320 ## - ПРИМЕЧАНИЯ О НАЛИЧИИ В ДОКУМЕНТЕ БИБЛИОГРАФИИ / УКАЗАТЕЛЯ
Текст примечания Библиогр.: с. 67-68 (30 назв.)
606 1# - НАИМЕНОВАНИЕ ТЕМЫ КАК ПРЕДМЕТ
Наименование темы Дети
Формальный подзаголовок Учебные издания для высших учебных заведений
Тематический подзаголовок Анатомо-физиологические особенности
Системный номер авторитетной/нормативной записи 906148
Идентификатор авторитетной/нормативной записи RU\NLR\AUTH\6610380
606 1# - НАИМЕНОВАНИЕ ТЕМЫ КАК ПРЕДМЕТ
Наименование темы Подростки
Формальный подзаголовок Учебные издания для высших учебных заведений
Тематический подзаголовок Анатомо-физиологические особенности
Системный номер авторитетной/нормативной записи 906170
Идентификатор авторитетной/нормативной записи RU\NLR\AUTH\6610391
686 1# - ИНДЕКСЫ ДРУГИХ КЛАССИФИКАЦИЙ
Индекс Р731я73
702 #1 - ИМЯ ЛИЦА - ВТОРИЧНАЯ ОТВЕТСТВЕННОСТЬ
Код отношения Составитель
Графика поля Кириллица
Материалы, к которым относится поле rus
Начальный элемент ввода Иванов
Часть имени, кроме начального элемента ввода В. А.
Дополнения к именам, кроме дат канд. мед. наук
Расширение инициалов личного имени Виталий Александрович
Системный номер авторитетной/нормативной записи 25319
Идентификатор авторитетной/нормативной записи RU\NLR\AUTH\7742374
702 #1 - ИМЯ ЛИЦА - ВТОРИЧНАЯ ОТВЕТСТВЕННОСТЬ
Начальный элемент ввода Акопов
Часть имени, кроме начального элемента ввода А. Л.
Расширение инициалов личного имени Андрей Леонидович
Код отношения Редактор
712 02 - НАИМЕНОВАНИЕ ОРГАНИЗАЦИИ - ВТОРИЧНАЯ ОТВЕТСТВЕННОСТЬ
Код отношения Прочие
Начальный элемент ввода Санкт-Петербургский государственный медицинский университет им. И. П. Павлова
Структурное подразделение Кафедра клинической анатомии и оперативной хирургии им. М. Г. Привеса
Системный номер авторитетной/нормативной записи 647328
Идентификатор авторитетной/нормативной записи RU\NLR\AUTH\880493678
942 ## - ДОПОЛНИТЕЛЬНЫЕ ЭЛЕМЕНТЫ ЗАПИСИ (АБИС)
Тип экземпляра АБИС Книга
980 ## - КОЛЛЕКЦИЯ
Название коллекции НБР
980 ## - КОЛЛЕКЦИЯ
Название коллекции Национальная библиография

Нет доступных экземпляров.